00515nam a2200193 a 4500001001300000003000900013005001700022008004100039020001000080082001600090100001500106245003900121260004800160300000800208500003500216505003300251650002200284700001500306nice12345678IN_TiNIC20260116012602.0050524s0000 laha grp 000 0 urd  ac10000a269.2bWAR1 aWaris, F D aRahzanon Ke Darmiyan Ghair Musllah aLahorebPunjab Religious Booksociety c0000 a35p aincludes index and biblioraphy2 aEach Copies Contains 3 Parts aEvangelistic Work1 aWaris, F D